Del sarampión con recaídas (Record no. 164041)

MARC details
000 -LEADER
campo de control de longitud fija 00904nam a22001935i 4500
001 - NÚMERO DE CONTROL
campo de control 164041
003 - IDENTIFICADOR DE NÚMERO DE CONTROL
campo de control ES-MaACL
005 - FECHA Y HORA DE LA ÚLTIMA TRANSACCIÓN
campo de control 20230906212848.0
008 - DATOS DE LONGITUD FIJA--INFORMACIÓN GENERAL
campo de control de longitud fija 050818s1889 sp | |||||||| ||spa d
040 ## - FUENTE DE CATALOGACIÓN
Centro catalogador/agencia de origen CAM
Lengua de catalogación spa
Centro/agencia transcriptor CAM
100 1# - ENTRADA PRINCIPAL--NOMBRE DE PERSONA
Nombre de persona Rovira y Oliver, Rosalino.
9 (RLIN) 100160
245 10 - MENCIÓN DEL TÍTULO
Título Del sarampión con recaídas
Resto del título : comunicación leída y discutida en el Congreso Internacional de Medicina celebrado en Barcelona en septiembre de 1888 /
Mención de responsabilidad, etc. por Rosalino Rovira y Oliver.
260 ## - PUBLICACIÓN, DISTRIBUCIÓN, ETC.
Lugar de publicación, distribución, etc. Barcelona :
Nombre del editor, distribuidor, etc. [s.n.],
Fecha de publicación, distribución, etc. 1889 (
Fabricante Imprenta de Pedro Ortega)
300 ## - DESCRIPCIÓN FÍSICA
Extensión 22 p. ;
Dimensiones 21 cm.
530 ## - NOTA DISPONIBLE DE FORMULARIO FÍSICO ADICIONAL
Nota de formato físico adicional disponible Disponible también en sitio web.
650 #4 - PUNTO DE ACCESO ADICIONAL DE MATERIA--TÉRMINO DE MATERIA
Término de materia o nombre geográfico como elemento de entrada Sarampión.
9 (RLIN) 136855
852 ## - LOCALIZACIÓN
Ubicación ES-MaACL
Número de control de estantería T-561-F-6
Nota libre -- Enc. hol., conservando la enc. original
-- -- Enc. en un vol. facticio
856 ## - LOCALIZACIÓN Y ACCESO ELECTRÓNICOS
Identificador Uniforme de Recursos <a href="http://bibliotecadigitalhispanica.bne.es:80/webclient/DeliveryManager?pid=1833959&custom_att_2=simple_">http://bibliotecadigitalhispanica.bne.es:80/webclient/DeliveryManager?pid=1833959&custom_att_2=simple_</a>
Nota pública Ir a la página
Holdings
Estatus retirado Estado de pérdida Estado de daño No para préstamo Colección Biblioteca de origen Biblioteca actual Ubicación en estantería Fecha de adquisición Total de préstamos Signatura topográfica completa Código de barras Visto por última vez Precio de reemplazo Tipo de ítem Koha
        Colección de folletos Biblioteca del Ateneo de Madrid Biblioteca del Ateneo de Madrid Depósito folletos 17/01/2008   T-561-F-6 1171924 23/02/2023 23/02/2023 Folleto